Регионална библиотека "Любен Каравелов" - Русе

Изповед (Запис номер 400532)

MARC детайли
000 -Лидер
Контролно поле с фиксирана дължина nam a22 a 4500
003 - Код на организацията, давaща контролен номер
Контролно поле BLK
005 - Дата и час на последна редакция
Контролно поле 20210310095432.0
008 - Елементи от данни с фиксирана дължина
fixed length control field 210310b bu |||||r|||| 00| 0 bu d
020 ## - Международен стандартен номер на книга ISBN
Международен стандартен номер на книга ISBN 978-954-549-124-5
040 ## - Източник на каталожния запис
Идентификатор на билиотеката - собственик на записа BLK
041 ## - Код за език
Код за езика на текст/звукозапис или на отделно заглавие Български
Код за езика КДБФ Български
080 ## - УДК
Текстов определител УДК Българска литература
УДК код - определител по УДК 821.163.2
УДК определител -8
УДК - код + определител 821.163.2-8
100 ## - Редна дума - Автор
R(LIN) 267947
Автор Михайлов, Станко Петров
Авторска отговорност първи автор
139 ## - Редно поле
Редна дума Михайлов, Станко Петров
245 ## - Сведения за заглавието
Заглавие Изповед
Подзаглавни данни стихове, афоризми, епиграми
Редно поле (дума) Станко Михайлов
260 ## - Област на издателските данни
9 (RLIN) 390572
Място на издаване, разпространение и проч. София
Име на издателя, разпространителя и проч. Феномен
Година на издаване 2018
Печатница (София : Скай принт)
300 ## - Физическа характеристика
Страници 132 с.
Илюстрации и др. с портр., ил.
Размери/Мащаб 20 см
380 ## - Жанр
Жанр Худож. лит.
500 ## - Общи забележки
Забележка Биогр. данни за авт. отбелязани на гърба на кор.
650 #7 - Допълнително описание по предмет – тема
9 (RLIN) 166642
Основно описание – тема или топоним Поезия
852 ## - Местоположение
Форматна сигнатура Цб 307124
Фондова буква Хранилище
999 ## - СИСТЕМНИ КОНТРОЛНИ НОМЕРА
Koha biblionumber 400532
Koha biblioitemnumber 400532
942 ## - АРТИКУЛИ
Вид на библиотечния материал Книги
Скрит в OPAC Не
Периодичен библиозапис Да
944 ## - СЪЗДАВАНЕ И РЕДАКЦИЯ на ЗАПИСА
Създаване/Редакция Създаване
Дата на регистрацията/редакция 2021-03-10
Служител, извършил регистрацията/редакцията Микаела Микова - Илиева
Статус, дата на статуса 2021-03-10
999 ## - СИСТЕМНИ КОНТРОЛНИ НОМЕРА
Koha biblioitemnumber 400532
999 ## - СИСТЕМНИ КОНТРОЛНИ НОМЕРА
Koha biblioitemnumber 400532
999 ## - СИСТЕМНИ КОНТРОЛНИ НОМЕРА
Koha biblioitemnumber 400532
Наличности
Код за отписване Код за изгубен артикул Източник на класификационната схема Код за повреда Коз за рестрикции Код за отдаване Артикулен № Име на библиотеката - собственик Име на библиотеката, в която се намира в момента Статус (Текущо местоположение) Дата на вписване в системата Местоположение - отдел Цена в лева Систематично азбучна сигнатура Баркод Цена в евро Служебен тип на артикула
  Не е изгубен Universal Decimal Classification Не е повреден само за читалня ползва се в читалня 815925 Регионална библиотека "Любен Каравелов" Русе Регионална библиотека "Любен Каравелов" Русе Хранилище 2021-03-10 Хранилище 16.00 Цб 307124 120000853193 8.18 Книги
Vip Innovations Ltd, Rousse, Bulgaria 2025